Country by letter - number combination - Statistics

General Stats
  • This quiz has been taken 34 times
  • The average score is 14 of 24
Answer Stats
Hint Answer % Correct
J-6 Jordan
85%
O-4 Oman
85%
Q-5 Qatar
85%
H-5 Haiti
82%
I-9 Indonesia
82%
D-7 Denmark
79%
Y-5 Yemen
76%
Z-8 Zimbabwe
76%
C-4 Chad
67%
F-7 Finland
67%
U-6 Uganda
64%
A-6 Angola
61%
G-9 Guatemala
61%
V-9 Venezuela
61%
P-5 Palau
58%
K-8 Kiribati
55%
R-7 Romania
55%
L-9 Lithuania
52%
M-5 Malta
42%
T-17 Trinidad and Tobago
42%
N-9 Nicaragua
39%
B-11 Burkina Faso
30%
E-10 El Salvador
30%
S-14 Solomon Islands
18%
No matching quizzes found
Score Distribution
Percent of People with Each Score
Percentile by Number Answered
Your Score History
You have not taken this quiz